000 00256nam a22001097a 4500
082 _a511.32 DEL'S
100 _aSELBY, SAMUEL,SWEET, L
_977983
245 _aSETS RELATIONS FUNCTIONS
260 _aNEWYORK
_bMCGRAW HILL
_c1969
300 _a380P
942 _cBK
999 _c583147
_d583147